El legado de Egipto
Guardado en:
| Autor principal: | |
|---|---|
| Formato: | Libro |
| Lenguaje: | español |
| Publicado: |
Madrid
Pegaso
1950
|
| Edición: | 2a. ed |
| Materias: | |
| Etiquetas: |
Agregar Etiqueta
Sin Etiquetas, Sea el primero en etiquetar este registro!
|
MARC
| LEADER | 00000nam a2200000 a 4500 | ||
|---|---|---|---|
| 001 | UCP8759 | ||
| 003 | CL-VaPUC | ||
| 008 | 000310e19500000SP |||||||||||||||||spa|d | ||
| 082 | 0 | 4 | |a 932 |b GLA |2 21 |
| 100 | |a Glanville, S. R. K. |e author |9 507208 | ||
| 245 | 1 | 3 | |a El legado de Egipto |
| 250 | |a 2a. ed | ||
| 300 | |a 614 p | ||
| 942 | |c BK | ||
| 945 | |d 20000310 00:00:00 |a rherrera | ||
| 260 | |a Madrid |b Pegaso |c 1950 | ||
| 650 | 0 | |a Historia antigua |9 267521 | |
| 650 | 0 | |a Civilización egipcia |9 433926 | |
| 650 | 7 | |a LEGADO |2 CL-VaPUC |9 438948 | |
| 650 | 7 | |a CULTURA EGIPCIA |2 CL-VaPUC |9 433881 | |
| 650 | 7 | |a LITERATURA EGIPCIA |2 CL-VaPUC |9 438949 | |
| 650 | 0 | |a Arte egipcio |9 268997 | |
| 650 | 7 | |a MEDICINA EGIPCIA |2 CL-VaPUC |9 438950 | |
| 650 | 0 | |a Cronología |9 268356 | |
| 583 | |a last modification |c 20170518 01:09:26 |k Rodrigo Vera | ||
| 999 | |c 285646 |d 285644 | ||
| 952 | |0 0 |1 0 |4 0 |6 932_000000000000000_GLA_1950 |7 0 |8 A |9 330386 |a BIBHIS |b BIBHIS |d 2019-11-20 |i 139410K |o 932 GLA 1950 |p 139410K |r 2025-01-20 |w 2019-11-20 |y BK |k HIS | ||
| 952 | |0 0 |1 0 |4 0 |6 932_000000000000000_GLA_1950 |7 0 |8 A |9 330387 |a BIBHIS |b BIBHIS |d 2019-11-20 |i 1394118 |o 932 GLA 1950 |p 1394118 |r 2025-01-20 |w 2019-11-20 |y BK |k HIS | ||